Loreto College Library, Kolkata
WEBOPAC (ONLINE PUBLIC ACCESS CATALOGUE)

Miss Marple Omnibus V.3 (Record no. 2179)

MARC details
000 -LEADER
fixed length control field 00690nam a2200229Ia 4500
008 - FIXED-LENGTH DATA ELEMENTS--GENERAL INFORMATION
fixed length control field 131103s9999 xx 000 0 und d
020 ## - ISBN | অাই এস বি এন
ISBN | অাই এস বি এন 6499619
PRICE Rs. 295
040 ## - CATALOGING SOURCE
Original cataloging agency Loreto College
041 ## - LANGUAGE CODE
Language code English
082 ## - DDC | ডিউই
Classification number | বর্গসংখ্যা F/CHR
Book Number | গ্রন্থাঙ্ক LCLIB/42508
100 ## - MAIN ENTRY--PERSONAL NAME | মুখ্য সংলেখ - ব্যাক্তিনাম
Personal name | ব্যাক্তিনাম Christie, Agatha
245 ## - TITLE STATEMENT | অাখ্যা বিবরণী
Title | অাখ্যা Miss Marple Omnibus V.3
Statement of responsibility | লেখকের দায়িত্বের বিবরণ Agatha Christie
260 ## - IMPRINT | প্রকাশনা ক্ষেত্র
Place of publication | প্রকাশ স্থান London
Name of publisher | প্রকাশকের নাম Harper CollinsPublishers
Date of publication | প্রকাশ কাল 1997
300 ## - PHYSICAL DESCRIPTION |
Page / Vol. No | পৃষ্ঠা / খন্ড সংখ্যা 694p, 19.5 c.m.
504 ## - BIBLIOGRAPHY, ETC. NOTE
Bibliography, etc V.3: Nemesis; Sleeping Murder; At Bertram's Hotel; The Murder at the Vicarage
630 ## - SUBJECT ADDED ENTRY--UNIFORM TITLE
Uniform title At Bertram's Hotel
630 ## - SUBJECT ADDED ENTRY--UNIFORM TITLE
Uniform title Sleeping Murder
630 ## - SUBJECT ADDED ENTRY--UNIFORM TITLE
Uniform title The Murder at the Vicarage
650 ## - SUBJECT ADDED ENTRY--TOPICAL TERM | বিষয় শিরোনাম - মূল বিষয়
Topical term | মূল বিষয় Fiction, Suspense
651 ## - SUBJECT ADDED ENTRY--GEOGRAPHIC NAME | বিষয় শিরোনাম - ভৌগলিক নাম
Geographic name | ভৌগলিক বিষয় Nemesis
942 ## - ADDED ENTRY ELEMENTS (KOHA)
Koha item type Books
Holdings
Withdrawn status Lost status Damaged status Not for loan Home library Current library Date acquired Total Checkouts Full call number Accession No. Date last seen Date checked out Price effective from Koha item type
        Loreto College Loreto College 04/11/2013 3 F/CHR LCLIB/42508 B1055 24/05/2023 17/05/2023 04/11/2013 Books